|
|
|
|
| LEADER |
00860nam a2200193Ia 4500 |
| 001 |
CTU_26964 |
| 008 |
210402s9999 xx 000 0 und d |
| 082 |
|
|
|a 956.9
|
| 082 |
|
|
|b D108/1995
|
| 100 |
|
|
|a Đỗ Hữu Tiết Dao
|
| 245 |
|
0 |
|a Bước đầu tìm hiểu sự ra đời của nhà nước Israel và các cuộc chiến tranh giữa Israel với các nước ả Rập từ 1948 - 1973
|
| 245 |
|
0 |
|b Luận văn tốt nghiệp Đại học Sư phạm ngành Sử Khóa 17
|
| 245 |
|
0 |
|c Đỗ Hữu Tiết Dao
|
| 260 |
|
|
|a Cần Thơ
|
| 260 |
|
|
|b Trường Đại học Cần Thơ, Khoa Sư phạm, Bộ môn Sử
|
| 260 |
|
|
|c 1995
|
| 650 |
|
|
|a israel - history
|
| 904 |
|
|
|i Nguyễn Quang Điền, 981022
|
| 980 |
|
|
|a Trung tâm Học liệu Trường Đại học Cần Thơ
|